| 000 | 00310nam a2200133 i 4500 | ||
|---|---|---|---|
| 001 | bg | ||
| 100 | 1 | _aMANITIUS, Zdzisław. | |
| 245 | 0 |
_aMaszyny elektryczne. _nCz.1 / _cZ. Manitius. |
|
| 260 |
_aGdańsk, _c1982. |
||
| 040 | _cBPK | ||
| 041 | _apol | ||
| 942 | _cKS | ||
| 008 | s pl f |000 0 pol | ||
| 999 |
_c21739 _d21739 |
||
| 856 |
_uhttp://koha.tu.koszalin.pl/cgi-bin/koha/opac-detail.pl?biblionumber=21739 _yKatalog online BPK |
||